[Event "Landesliga Sued U20 1819"]
[Site "Bayern"]
[Date "2019.02.09"]
[Round "6.2"]
[White "Lautenbach, Julia"]
[Black "Yaroshenko, Yaroslav"]
[Result "0-1"]
[WhiteElo "1403"]
[BlackElo "1834"]
[PlyCount "108"]
[EventDate "2018.11.17"]
[EventType "team-tourn"]
[EventRounds "7"]
[EventCountry "GER"]
[SourceTitle "EXT 2022"]
[Source "ChessBase"]
[SourceDate "2021.10.06"]
[SourceVersion "1"]
[SourceVersionDate "2021.10.06"]
[SourceQuality "1"]
[WhiteTeam "Haar U20"]
[BlackTeam "Graefelfing SK U20"]
[WhiteTeamCountry "GER"]
[BlackTeamCountry "GER"]

1. e4 g6 2. Nf3 Bg7 3. Nc3 c5 4. Bc4 Nc6 5. d3 d6 6. Be3 Nf6 7. 0-0 Bg4 8. h3 Bxf3 9. Qxf3 0-0 10. Rad1 Ne5 11. Qe2 Nxc4 12. dxc4 Nd7 13. Qd3 Ne5 14. Qd5 Nc6 15. Na4 Qc7 16. a3 a6 17. Bf4 Nd4 18. Rd2 Qa5 19. Nc3 Ne6 20. Be3 Bxc3 21. bxc3 b5 22. e5 Qxc3 23. exd6 exd6 24. Qxd6 Rfd8 25. Qc6 Rdc8 26. Qe4 Qxa3 27. Rfd1 Qc3 28. Rd7 Qf6 29. R7d6 Rd8 30. Qb7 Rxd6 31. Rxd6 Qa1+ 32. Kh2 Qe5+ 33. Kg1 Qxd6 34. Qxa8+ Kg7 35. cxb5 axb5 36. Qa1+ Nd4 37. Qd1 Qe5 38. Qd2 Nf5 39. Bf4 Qa1+ 40. Kh2 Qd4 41. Qxd4+ Nxd4 42. c3 Ne2 43. Bd2 Kf6 44. g3 Ke5 45. f3 Kd5 46. Kg2 Kc4 47. Kf2 Nxc3 48. Ke1 b4 49. Be3 b3 50. Bc1 Na2 51. Bb2 Kd3 52. Kd1 c4 53. f4 c3 54. Bxc3 Kxc3 0-1

[Event "Landesliga U20 Sued 1718"]
[Site "Bayern"]
[Date "2018.01.27"]
[Round "4.3"]
[White "Lautenbach, Julia"]
[Black "Metzger, Bernhard"]
[Result "1-0"]
[WhiteElo "1374"]
[BlackElo "1100"]
[PlyCount "49"]
[EventDate "2017.11.18"]
[EventType "team-tourn"]
[EventRounds "7"]
[EventCountry "GER"]
[SourceTitle "EXT 2022"]
[Source "ChessBase"]
[SourceDate "2021.10.06"]
[SourceVersion "1"]
[SourceVersionDate "2021.10.06"]
[SourceQuality "1"]
[WhiteTeam "Haar U20"]
[BlackTeam "Kriegshaber SK U20"]
[WhiteTeamCountry "GER"]
[BlackTeamCountry "GER"]

1. e4 e5 2. Nf3 Nc6 3. Nc3 Nf6 4. Bb5 Nd4 5. Bc4 Nxf3+ 6. Qxf3 c6 7. d3 h6 8. h3 Bb4 9. Bd2 Bxc3 10. Bxc3 d5 11. exd5 cxd5 12. Bb5+ Bd7 13. Bxd7+ Qxd7 14. Bxe5 Qe6 15. Qf4 Ke7 16. 0-0 Rac8 17. Rfe1 Kd7 18. Qa4+ Rc6 19. Qxa7 Rb6 20. Bd4 Qd6 21. Qxb6 Re8 22. Qxd6+ Kxd6 23. Bxf6 Rxe1+ 24. Rxe1 gxf6 25. Re8 1-0

[Event "Landesliga U20 Sued 1718"]
[Site "Bayern"]
[Date "2018.01.27"]
[Round "5.3"]
[White "Schamberger, Stefan"]
[Black "Lautenbach, Julia"]
[Result "0-1"]
[WhiteElo "1471"]
[BlackElo "1374"]
[PlyCount "72"]
[EventDate "2017.11.18"]
[EventType "team-tourn"]
[EventRounds "7"]
[EventCountry "GER"]
[SourceTitle "EXT 2022"]
[Source "ChessBase"]
[SourceDate "2021.10.06"]
[SourceVersion "1"]
[SourceVersionDate "2021.10.06"]
[SourceQuality "1"]
[WhiteTeam "Sendling SC U20"]
[BlackTeam "Haar U20"]
[WhiteTeamCountry "GE2"]
[BlackTeamCountry "GER"]

1. e4 e5 2. Nf3 Nc6 3. Bc4 Bc5 4. Nc3 Nf6 5. d3 d6 6. Bg5 h6 7. Bh4 Be6 8. Bb3 Qd7 9. h3 0-0-0 10. Nd5 Bxd5 11. Bxd5 g5 12. Bg3 Nxd5 13. exd5 Ne7 14. c4 Nf5 15. Bh2 Nd4 16. Nxd4 Bxd4 17. 0-0 Rdg8 18. Kh1 h5 19. Qe2 f5 20. f3 h4 21. Bg1 g4 22. fxg4 fxg4 23. Kh2 gxh3 24. gxh3 Rg3 25. Kh1 Qxh3+ 26. Qh2 Qg4 27. Bxd4 Rh3 28. Bg1 Rxh2+ 29. Bxh2 h3 30. Rf2 Qd4 31. Raf1 Qxd3 32. b3 Qe4+ 33. Rf3 Rf8 34. Kg1 Rxf3 35. Rxf3 Qxf3 36. a4 Qg2# 0-1

[Event "Landesliga U20 Sued 1617"]
[Site "Bayern"]
[Date "2017.01.21"]
[Round "5.3"]
[White "Lautenbach, Julia"]
[Black "Stangl, Severin"]
[Result "0-1"]
[WhiteElo "1367"]
[BlackElo "1550"]
[PlyCount "84"]
[EventDate "2016.11.12"]
[EventType "team-tourn"]
[EventRounds "7"]
[EventCountry "GER"]
[SourceTitle "EXT 2022"]
[Source "ChessBase"]
[SourceDate "2021.10.06"]
[SourceVersion "1"]
[SourceVersionDate "2021.10.06"]
[SourceQuality "1"]
[WhiteTeam "Haar U20"]
[BlackTeam "Moosburg SC U20"]
[WhiteTeamCountry "GER"]
[BlackTeamCountry "GER"]

1. e4 e5 2. Nf3 Nc6 3. Nc3 Nf6 4. Bc4 Nxe4 5. 0-0 Nxc3 6. dxc3 d6 7. Ng5 Be6 8. Nxe6 fxe6 9. Bxe6 Qf6 10. Bh3 Be7 11. Qg4 0-0 12. Bd2 Nd8 13. Rae1 Nf7 14. Qc4 c6 15. Be6 d5 16. Qg4 e4 17. Re3 Kh8 18. Rg3 Bd6 19. Rh3 h6 20. f4 Ne5 21. Qh5 Nc4 22. f5 Nxd2 23. Re1 Rae8 24. Qe2 Bc5+ 25. Kh1 Nc4 26. b3 Nd6 27. Rh5 Nb5 28. c4 Nd4 29. Qd2 Nxe6 30. cxd5 e3 31. Qd3 Nf4 32. Qc4 Nxh5 33. Qxc5 Qxf5 34. h3 e2 35. Kh2 Qe5+ 36. Kh1 Ng3+ 37. Kh2 Ne4+ 38. Kh1 Nxc5 39. Kg1 Qg3 40. c4 Qxe1+ 41. Kh2 Rf1 42. dxc6 Rh1# 0-1

[Event "Landesliga U20 Sued 1617"]
[Site "Bayern"]
[Date "2016.11.12"]
[Round "1.3"]
[White "Lautenbach, Julia"]
[Black "Glok, David"]
[Result "1-0"]
[WhiteElo "1367"]
[BlackElo "1021"]
[PlyCount "89"]
[EventDate "2016.11.12"]
[EventType "team-tourn"]
[EventRounds "7"]
[EventCountry "GER"]
[SourceTitle "EXT 2022"]
[Source "ChessBase"]
[SourceDate "2021.10.06"]
[SourceVersion "1"]
[SourceVersionDate "2021.10.06"]
[SourceQuality "1"]
[WhiteTeam "Haar U20"]
[BlackTeam "Muenchen SO SK U20 II"]
[WhiteTeamCountry "GER"]
[BlackTeamCountry "GER"]

1. e4 e5 2. Nf3 Nc6 3. Nc3 Bc5 4. Bc4 Nge7 5. d3 d6 6. Be3 Bd4 7. h3 Bd7 8. 0-0 h6 9. Nh4 Nc8 10. Qh5 g6 11. Nxg6 Rg8 12. Nh8 Qf6 13. Qxf7+ Qxf7 14. Bxf7+ Kf8 15. Bxh6+ Rg7 16. Bb3 N8e7 17. Nf7 Nb4 18. Bxg7+ Kxg7 19. Ng5 Kf6 20. Nf3 Be6 21. Nxd4 exd4 22. Bxe6 Kxe6 23. Nb5 Kd7 24. Nxd4 Rg8 25. a3 Nbc6 26. Nxc6 bxc6 27. Rfe1 Ng6 28. Re3 Nf4 29. g4 d5 30. c3 Rh8 31. Kh2 dxe4 32. dxe4 Rf8 33. Rd1+ Kc8 34. Rf3 Kb7 35. Rd2 Kb6 36. Kg3 Kc5 37. Rxf4 Rxf4 38. Kxf4 a6 39. g5 Kc4 40. g6 a5 41. g7 c5 42. g8Q+ Kb5 43. c4+ Kb6 44. Qb8+ Kc6 45. Qb5# 1-0